Online
Catalog

Información, habilidades para organizarla y mantener el control / (Record no. 38248)

MARC details
000 -CABECERA
campo de control de longitud fija 00523nam a2200145 a 4500
001 - NÚMERO DE CONTROL
campo de control 000038758
005 - FECHA Y HORA DE LA ÚLTIMA TRANSACCIÓN
campo de control 20201002031348.0
008 - DATOS DE LONGITUD FIJA--INFORMACIÓN GENERAL
campo de control de longitud fija 130419s1997 mx a 001 0 spa d
040 ## - FUENTE DE LA CATALOGACIÓN
Centro catalogador/agencia de origen DO-SdBNP
Lengua de catalogación spa
Centro/agencia transcriptor BNPHU
100 1# - ENTRADA PRINCIPAL--NOMBRE DE PERSONA
Nombre de persona Malanchuk, Maureen
9 (RLIN) 65057
245 10 - MENCIÓN DE TÍTULO
Título Información, habilidades para organizarla y mantener el control /
Mención de responsabilidad, etc. Maureen Malanchuk ; traducción Ma. del Pilar Carril.
260 ## - PUBLICACIÓN, DISTRIBUCIÓN, ETC.
Lugar de publicación, distribución, etc. México :
Nombre del editor, distribuidor, etc. Simon & Schuster Comany,
Fecha de publicación, distribución, etc. 1997.
300 ## - DESCRIPCIÓN FÍSICA
Extensión xi,128 p. :
Otras características físicas il. ;
Dimensiones 28 cm.
700 1# - PUNTO DE ACCESO ADICIONAL--NOMBRE DE PERSONA
Nombre de persona Carril, Ma. del Pilar
9 (RLIN) 65058
Holdings
Estado de retiro Estado de pérdida Restricciones de uso No para préstamo Código de colección Localización permanente Ubicación/localización actual Ubicación en estantería Fecha de adquisición Número de inventario Total de préstamos Signatura topográfica completa Código de barras Fecha visto por última vez Precio válido a partir de Tipo de ítem Koha
        Monografías: Libros y Folletos General General Orden iniciada 19.04.2013 LF1   38758-10 25.06.2020 25.06.2020 No se presta

Powered by Koha